Vainqueurs du Moselle Open - Statistiques

Statistiques générales
  • Ce quiz a été pris 20 fois
  • Le résultat moyen est 11 sur 20
Statistiques - réponses
Année Vainqueur % Correct
2019 Jo-Wilfried Tsonga
87%
2015 Jo-Wilfried Tsonga
87%
2012 Jo-Wilfried Tsonga
87%
2011 Jo-Wilfried Tsonga
87%
2023 Ugo Humbert
87%
2009 Gaël Monfils
80%
2006 Novak Djokovic
67%
2003 Arnaud Clément
60%
2018 Gilles Simon
60%
2013 Gilles Simon
60%
2010 Gilles Simon
60%
2022 Lorenzo Sonego
47%
2016 Lucas Pouille
40%
2007 Tommy Robredo
40%
2014 David Goffin
33%
2008 Dmitry Tursunov
33%
2021 Hubert Hurkacz
33%
2004 Jérôme Haehnel
33%
2005 Ivan Ljubičic
27%
2017 Peter Gojowczyk
27%
Aucun quiz correspondant
Distribution des résultats
% des personnes avec chaque résultat
Percentile par nombre de réponses
Votre historique - résultats
Vous n’avez pas pris ce quiz